ARRUPE JESUIT UNIVERSITY

CORONAVIRUS -STOP THE SPREAD - CLEAN,DISINFECT,COVER

Harare: the growth and problems of the city (Record no. 8420)

MARC details
000 -LEADER
fixed length control field 00752nam a2200241Ia 4500
003 - CONTROL NUMBER IDENTIFIER
control field 0100
005 - DATE AND TIME OF LATEST TRANSACTION
control field 20160322110037.0
008 - FIXED-LENGTH DATA ELEMENTS--GENERAL INFORMATION
fixed length control field 130303s9999 xx 000 0 und d
020 ## - INTERNATIONAL STANDARD BOOK NUMBER
International Standard Book Number 908307306
040 ## - CATALOGING SOURCE
Transcribing agency ARRUPELIB
050 ## - LIBRARY OF CONGRESS CALL NUMBER
Classification number HN802.H3H37 1993
300 ## - PHYSICAL DESCRIPTION
Other physical details 186p. 26cm
245 ## - TITLE STATEMENT
Title Harare: the growth and problems of the city
260 ## - PUBLICATION, DISTRIBUTION, ETC. (IMPRINT)
Place of publication, distribution, etc Harare, Zimbabwe
260 ## - PUBLICATION, DISTRIBUTION, ETC. (IMPRINT)
Name of publisher, distributor, etc University of Zimbabwe Publications
Date of publication, distribution, etc 1993
300 ## - PHYSICAL DESCRIPTION
Extent xii
650 ## - SUBJECT ADDED ENTRY--TOPICAL TERM
Topical term or geographic name as entry element Harare (Zimbabwe)
General subdivision Social conditions
-- Congresses
9 (RLIN) 23145
650 ## - SUBJECT ADDED ENTRY--TOPICAL TERM
Topical term or geographic name as entry element Harare(Zimbabwe)
General subdivision Economic conditions
-- Congresses
9 (RLIN) 23146
700 ## - ADDED ENTRY--PERSONAL NAME
Personal name Zinyama, Lovemore
Relator term ed.
9 (RLIN) 23142
700 ## - ADDED ENTRY--PERSONAL NAME
Personal name Tevera, Daniel S.
Relator term ed.
9 (RLIN) 23143
700 ## - ADDED ENTRY--PERSONAL NAME
Personal name Cumming, Sioux D
Relator term ed.
9 (RLIN) 23144
942 ## - ADDED ENTRY ELEMENTS (KOHA)
Source of classification or shelving scheme Library of Congress Classification
Koha item type Monograph ( Printed materials)
Holdings
Withdrawn status Lost status Source of classification or shelving scheme Damaged status Not for loan Collection code Home library Current library Shelving location Date acquired Total Checkouts Full call number Barcode Checked out Date last seen Date checked out Copy number Price effective from Koha item type
    Library of Congress Classification     Main Collection ARRUPE LIBRARY ARRUPE LIBRARY   04/03/2013 1 HN802.H3H37 1993 46003047144 07/04/2025 07/04/2025 07/04/2025 1 04/03/2013 Monograph ( Printed materials)
    Library of Congress Classification     Main Collection ARRUPE LIBRARY ARRUPE LIBRARY Main Collection 21/03/2016   HN802.H3H37 1993 46500006629   30/04/2018   2 21/03/2016 Monograph ( Printed materials)

 

Arrupe Library. PO Box MP320 Mt Pleasant, Harare, Zimbabwe
263 242 745411|librarian@aju.ac.zw